书目信息 |
| 题名: |
高中生作文修改范例
|
|
| 作者: | 王凤礼 主编 | |
| 分册: | ||
| 出版信息: | 西安 陕西人民出版社 1990 |
|
| 页数: | 194页 | |
| 开本: | 19cm | |
| 丛书名: | 《作文修改》套书 | |
| 单 册: | ||
| 中图分类: | G633.34 | |
| 科图分类: | ||
| 主题词: | 中学--作文课 | |
| 电子资源: | ||
| ISBN: | 7-224-01137-1 | |
| 000 | 00635nam0 2200217 45 | |
| 001 | 0405091068 | |
| 005 | 20050411154549.1 | |
| 010 | @a7-224-01137-1@dCNY2.20 | |
| 100 | @a20040509d1990 km y0chiy0120 ea | |
| 101 | 0 | @achi |
| 105 | @a z 000yy | |
| 200 | 1 | @a高中生作文修改范例@AGao Zhong Sheng Zuo Wen Xiu Gai Fan Li@f王凤礼主编@FWang Feng Li Zhu Bian |
| 210 | @a西安@d1990@c陕西人民出版社 | |
| 215 | @a194页@d19cm | |
| 225 | @a《作文修改》套书 | |
| 410 | @12001 @a《作文修改》套书 | |
| 606 | 0 | @a中学@x作文课 |
| 690 | @aG633.34@v3 | |
| 701 | 0 | @a王凤礼@4主编 |
| 801 | @aCN@bTSTCL@c20040509 | |
| 905 | @dG633.34@e210@f1@b236949 | |
| 高中生作文修改范例/王凤礼主编.-西安,1990:陕西人民出版社 |
| 194页;19cm.-(《作文修改》套书) |
| ISBN 7-224-01137-1:CNY2.20 |
| ● |
| 相关链接 |
|
|
|
|
正题名:高中生作文修改范例
索取号:G633.34/210
 
预约/预借
| 序号 | 登录号 | 条形码 | 馆藏地/架位号 | 状态 | 备注 |
| 1 | 0236947 | 000260354 | 密集书库/ [索取号:G633.34/210] | 在馆 | |
| 2 | 0236949 | 002005724 | 密集书库/ [索取号:G633.34/210] | 在馆 | |
| 3 | 0236951 | 000260345 | 第一样本阅览室/ [索取号:G633.34/210] | 在馆 |